| 000 | 00357nam a2200133Ia 4500 | ||
|---|---|---|---|
| 005 | 20251222144724.0 | ||
| 008 | 251222s9999||||xx |||||||||||||| ||spa|| | ||
| 020 | _a968-18-6075-6 | ||
| 082 | _a001.42/O74 | ||
| 100 | _aOrtiz Uribe, Frida Gisela | ||
| 245 | 0 | _aMetodología de la Investigación: El Proceso y sus Técnicas | |
| 264 | _bLimusa | ||
| 942 | _cLIB | ||
| 999 |
_c18328 _d18328 |
||